| 000 | 00454nam a2200145Ia 4500 | ||
|---|---|---|---|
| 008 | 230312s9999||||xx |||||||||||||| ||und|| | ||
| 020 | _a9780071621304 | ||
| 082 |
_a658.562 _bBAS-L |
||
| 100 | _aTroyansky,Oleg | ||
| 245 | 0 | _aQlike View Your Business QlikView your business : an expert guide to business discovery with QlikView and Qlik sense | |
| 260 |
_bMcgraw Hill _aUSA _c2009 |
||
| 300 | _a362 | ||
| 650 |
_aComputer _vElectronic books |
||
| 942 | _cBK | ||
| 999 |
_c18041 _d18041 |
||